000 00494nam a22001817a 4500
999 _c7838
_d7836
005 20210904143355.0
008 210823b ||||| |||| 00| 0 eng d
020 _a9781845924249
041 _aeng
082 _a344.410
100 _aFRANCIS, ROBERT AND OTHERS
_96566
245 _aMEDICAL TREATMENT :DECISIONS AND THE LAW THE MENTAL CAPACITY ACT IN AVTION
250 _a2ND. ED.
260 _aW.S.
_bBLOOMSBURY PROFESSIONAL
_c2010
300 _a586,p
650 _aLAW
_95701
942 _cBK